LEADER 01113nam a2200277 i 4500 001 991003672529707536 005 20020509130139.0 008 980327s1985 ne ||| | lat 020 $a9060322665 035 $ab11196762-39ule_inst 035 $aPARLA186326$9ExL 040 $aDip.to Scienze dell'Antichità$bita 100 1 $aSchrijvers, P. H.$0173689 245 15$aEine medizinische Erklärung der männlichen Homosexualität aus der Antike :$b(Caelius Aurelianus De morbis chronicis IV 9) /$cvon P.H. Schrijvers 260 $aAmsterdam :$bGrüner,$c1985 300 $a75 p. ;$c22 cm. 500 $aBibliografia: p. 70-75. 650 4$aAntichità classiche - Medicina 700 1 $aCaelius Aurelianus 740 0 $aDe morbis chronicis IV, 9 907 $a.b11196762$b02-04-14$c01-07-02 912 $a991003672529707536 945 $aLE015 938 - 113$g1$i2015000012685$lle007$o-$pE0.00$q-$rl$s- $t0$u2$v0$w2$x0$y.i11346887$z01-07-02 996 $aMedizinische Erklärung der männlichen Homosexualität aus der Antike$9871040 997 $aUNISALENTO 998 $ale007$b01-01-98$cm$da $e-$flat$gne $h5$i1